000 nam a22 a 4500
999 _c3345
_d3345
003 AKMAL
005 20170522120648.0
008 170522s my 00 eng d
020 _a9679784770 (pbk.):
_cRM 19.90
040 _aAKMAL
082 0 4 _a658.404 YOU
090 0 0 _a658.404
_bYOU
100 1 _aYoung, Trevor L.
_96748
245 1 0 _aLeading projects /
_cTrevor L.Young
260 _aPetaling Jaya :
_bPelanduk Publications ,
_c1996
300 0 0 _a132p. :
_bill. ;
_c22cm
504 _aBibliography: p. 129-130
521 _aIntended audience: Adult
650 0 _aIndustrial project management
_93672
650 0 _aManagement
_91462
942 _2ddc
_cBOOK